[Event "EU Union-ch U14"]
[Site "Pec pod Snezkou"]
[Date "2022.08.22"]
[Round "1"]
[White "Grunert, Heinrich"]
[Black "Novomeska, Karin"]
[Result "0-1"]
[WhiteElo "1342"]
[BlackElo "1765"]
[PlyCount "106"]
[EventDate "2022.08.22"]
[EventType "swiss"]
[EventRounds "9"]
[EventCountry "CZE"]
[SourceTitle "EXT 2023"]
[Source "ChessBase"]
[SourceDate "2022.10.05"]
[SourceVersion "1"]
[SourceVersionDate "2022.10.05"]
[SourceQuality "1"]

1. e4 c6 2. d4 d5 3. exd5 cxd5 4. c4 Nf6 5. Nc3 e6 6. Nf3 Be7 7. Bd3 0-0 8. 0-0 dxc4 9. Bxc4 Nc6 10. Bf4 Nb4 11. Qb3 b6 12. a3 Nc6 13. Qd1 Bb7 14. b4 Rc8 15. Qd3 Bd6 16. Bxd6 Qxd6 17. Nb5 Qd7 18. Rfd1 Ba6 19. Rac1 Rfd8 20. Rc3 Nd5 21. Rb3 h6 22. Ne5 Nxe5 23. dxe5 Rxc4 24. Qxc4 Bxb5 25. Qc1 Ba4 26. Rb2 Bxd1 27. Qxd1 Qc7 28. Qe1 Nf4 29. Rb1 Nd3 30. Qe2 Qxe5 31. Qd2 Qd5 32. h3 Ne5 33. Qc1 Nc4 34. Qf4 e5 35. Qg3 Qd3 36. Qxd3 Rxd3 37. a4 f6 38. Rc1 Rd4 39. Kf1 Kf7 40. Ke2 Ke6 41. g4 g5 42. Kf3 Kd7 43. Kg3 Nd6 44. Rb1 Rd3+ 45. f3 e4 46. Rf1 Rxf3+ 47. Rxf3 exf3 48. Kxf3 Ke6 49. Ke3 Kd5 50. Kd3 a5 51. b5 Ne4 52. Ke3 Nc5 53. Kf3 Nxa4 0-1

[Event "Piestany Slovakia op-B"]
[Site "Piestany"]
[Date "2022.07.18"]
[Round "9"]
[White "Novomeska, Karin"]
[Black "Golsta, Ramona"]
[Result "1/2-1/2"]
[WhiteElo "1773"]
[BlackElo "1699"]
[PlyCount "63"]
[EventDate "2022.07.11"]
[EventType "swiss"]
[EventRounds "9"]
[EventCountry "SVK"]
[SourceTitle "CBM 209 Extra"]
[Source "ChessBase"]
[SourceDate "2022.09.30"]
[SourceVersion "1"]
[SourceVersionDate "2022.09.30"]
[SourceQuality "1"]

1. c4 e6 2. e4 d5 3. cxd5 exd5 4. exd5 Qxd5 5. Nc3 Qd8 6. Bc4 Bd6 7. Nf3 Nf6 8. 0-0 0-0 9. Re1 Nc6 10. h3 h6 11. d4 Bf5 12. Bd3 Qd7 13. Bxf5 Qxf5 14. Qb3 a6 15. Re2 b5 16. Qc2 Qd7 17. Ne5 Bxe5 18. Rxe5 Nxe5 19. dxe5 Nd5 20. Nxd5 Qxd5 21. Qxc7 Qd1+ 22. Kh2 Rac8 23. Qd6 Qe1 24. Bxh6 Qxa1 25. Bxg7 Qb1 26. Bf6 Qf5 27. Qd2 Rc2 28. Qh6 Qh7 29. Qg5+ Qg6 30. Qh4 Qh7 31. Qg4+ Qg6 32. Qh4 1/2-1/2